LIBRARY & INFORMATION CENTRE, KCAET, TAVANUR

ONLINE PUBLIC ACCESS CATALOGUE (OPAC)

Edible oil processing / (Record no. 13546)

MARC details
000 -LEADER
fixed length control field 00461cam a2200181ua 4500
041 ## - LANGUAGE CODE
Language code of text/sound track or separate title eng
082 ## - DEWEY DECIMAL CLASSIFICATION NUMBER
Classification number 633.85
Item number HAM/ED
100 ## - MAIN ENTRY--AUTHOR NAME
Personal name Hamm, Wolf .
245 00 - TITLE STATEMENT
Title Edible oil processing /
260 ## - PUBLICATION, DISTRIBUTION, ETC. (IMPRINT)
Place of publication New Delhi :
Name of publisher Blackwell Scientific Publications ,
Year of publication 2004.
300 ## - PHYSICAL DESCRIPTION
Number of Pages ; .
700 1# - ADDED ENTRY--PERSONAL NAME
Personal name Hamilton, Richard J .
942 ## - ADDED ENTRY ELEMENTS (KOHA)
Koha item type Books
Holdings
Withdrawn status Lost status Damaged status Home library Current library Date acquired Full call number Accession Number Koha item type
      KAUAET KAUAET 07/04/2012 633.85 22217 Books
free website counter